000 00517nam a2200181 i 4500
001 60998
003 ES-MaACL
005 20230906164339.0
007 t|
008 031110s1980 sp ||||1| spa d
245 0 4 _aLos estudios de filología.
260 _aMadrid :
_bFundación Universidad Empresa,
_c1980.
300 _a103, LIII p. ;
_c24 cm.
490 1 _aMonografias profesionales ;
_v9
830 0 _aMonografias profesionales ;
_v9
_9182734
852 _aES-MaACL
_jC-24768
_bR.100327
999 _c60998
_d60998